000 00528nam a2200181 i 4500
001 71862
003 ES-MaACL
005 20240501063036.0
007 t|
008 040819s1925 fr ||||1| fre d
100 1 _aGide, André,
_d1869-1951
_956674
245 1 4 _aLes faux-monnayeurs
_b: roman /
_cAndré Gide.
250 _a7éme ed.
260 _aParis :
_bNouvelle Revue Française,
_c1925 (
_eAbbeville :
_fF. Paillart)
300 _a503 p. ;
_c19 cm.
852 _aES-MaACL
_jA-2916
999 _c71862
_d71862